000 00685nam a22001817a 4500
003 UA-OsUOA
001 17036
007 ta
008 20040207b un ||||| |||| 00| 0 ukr d
100 _aДавидчук Д.
942 _cSA
040 _aUA-OsUOA
_cUA-OsUOA
_dUA-OsUOA
245 _aПодарунок матері на 80-річчя
_b[Свою першу персон. виставку художниця і викладач РДГУ В. Чернієнко прсвятила своїй матері Є.Родзь]
300 _aС.8
955 _a0
773 0 _w0
_tВільне слово
_dРівне
_d2004
_g№10/ 4 лют./
650 7 _aКраєзнавча робота
_2UDC
999 _c303204
_d303204